Theologia fundamentalis

Guardado en:
Detalles Bibliográficos
Autor principal: Ottiger, Ignatio (Autor)
Formato: Libro
Lenguaje:latín
Publicado: Friburgo de Brisgovia Herder 1897
Edición:1a. ed
Materias:
Etiquetas: Agregar Etiqueta
Sin Etiquetas, Sea el primero en etiquetar este registro!

MARC

LEADER 00000cam a2200000 a 4500
001 UCD2428
003 CL-VaPUC
008 160428e18970000gw |||||||||||||||||lat|d
082 0 4 |a 230.04626  |b OTT  |2 21 
100 0 |a Ottiger, Ignatio  |e author  |9 585778 
245 1 0 |a Theologia fundamentalis 
250 |a 1a. ed 
300 |a t 
942 |c BK 
945 |d 20160428 21:50:00  |a dcastane 
260 |a Friburgo de Brisgovia  |b Herder  |c 1897 
650 0 |a Teología fundamental   |9 313207 
583 |a last modification  |c 20160428 21:50:00  |k Rodrigo Vera 
999 |c 363590  |d 363588 
952 |0 0  |1 0  |3 erd  |4 0  |6 230_046260000000000_OTT_1897  |7 0  |8 X  |9 476101  |a BIBTEO  |b BIBTEO  |c TEO_FFR  |h t.1  |i 5226813  |o 230.04626 OTT 1897  |p 5226813  |r 2024-01-18  |w 2019-11-24  |y BK_X  |z Catalogado en:20160428  |k OFM 
952 |0 0  |1 0  |3 erd  |4 0  |6 230_046260000000000_OTT_1897  |7 0  |8 X  |9 476102  |a BIBTEO  |b BIBTEO  |c TEO_FFR  |h t.2  |i 5226821  |o 230.04626 OTT 1897  |p 5226821  |r 2024-01-18  |w 2019-11-24  |y BK_X  |z Catalogado en:20160428  |k OFM